[Event "2023 Standard Chess Dropout Tournament, Round 4"]
[Site "SchemingMind.com"]
[Date "2024.05.24"]
[Round "4"]
[White "Greg Magne"]
[Black "Andrea Carra"]
[Result "0-1"]
[WhiteCountry "CAN"]
[BlackCountry "ITA"]
[WhiteElo "1836"]
[WhiteRD "89"]
[BlackElo "1911"]
[BlackRD "108"]
[GameID "744796"]

1. e4 e6 2. d4 d5 3. Nc3 Nf6 4. e5 Nfd7 5. f4 c5 6. Nf3 a6 7. Bd3 Nc6 8. Be3 Be7 9. Qd2 b5 10. f5 cxd4
11. fxe6 fxe6 12. Nxd4 Nxd4 13. Bxd4 O-O 14. Rf1 Bb7 15. Qe2 Bc5 16. Qh5 Rxf1+ 17. Kxf1 Qf8+ 18. Ke2 g6 19. Qh4 Bxd4 20. Qxd4 Qg7
21. Re1 Qxe5+ 22. Qxe5 Nxe5 23. Kd1 Nxd3 24. cxd3 Kf7 25. Ne2 e5 26. d4 e4 27. Rf1+ Ke7 28. h4 Rf8 29. Ke1 b4 30. h5 g5
31. g4 Rxf1+ 32. Kxf1 Bc8
0-1

[Event "2023 Standard Chess Dropout Tournament, Round 4"]
[Site "SchemingMind.com"]
[Date "2024.05.24"]
[Round "4"]
[White "Andreas Flato"]
[Black "Greg Magne"]
[Result "1-0"]
[WhiteCountry "GER"]
[BlackCountry "CAN"]
[WhiteElo "1943"]
[WhiteRD "122"]
[BlackElo "1783"]
[BlackRD "95"]
[GameID "744797"]

1. e4 c5 2. a3 Nc6 3. b4 cxb4 4. axb4 Nxb4 5. c3 Nc6 6. d4 e5 7. d5 Nce7 8. Bb5 Nf6 9. f3 Qb6 10. Qd3 a6
11. Be3 Qd8 12. Nd2 b6 13. Nc4 Bb7 14. Nd6#
1-0

[Event "2023 Standard Chess Dropout Tournament, Round 4"]
[Site "SchemingMind.com"]
[Date "2024.05.28"]
[Round "4"]
[White "Mike Winslow"]
[Black "splinter"]
[Result "1-0"]
[WhiteCountry "USA"]
[BlackCountry "CAN"]
[WhiteElo "2040"]
[WhiteRD "105"]
[BlackElo "1816"]
[BlackRD "87"]
[GameID "744798"]

1. d4 e6 2. c4 b6 3. Nf3 Bb7 4. Nc3 Nf6 5. g3 c5 6. Bg2 cxd4 7. Qxd4 Bc5 8. Qd3 Nc6 9. O-O O-O 10. Bf4 Re8
11. Bd6 Bxd6 12. Qxd6 Qb8 13. Rfd1 Qxd6 14. Rxd6 Rac8 15. Rad1 Re7 16. b3 Rd8 17. Ne5 Nxe5 18. Bxb7 Ne8 19. R6d2 d5 20. Ba6 Nc7
21. Bb5 Nxb5 22. Nxb5 Red7 23. cxd5 exd5 24. Nd4 a6 25. Rc1 Rd6 26. Rdc2 f6 27. Rc7 g6 28. h3 b5 29. f4 Nf7 30. Re7 R6d7
31. Re6 Rd6 32. Rc6 Rxc6 33. Rxc6 Rd6 34. Rc7 Kf8 35. Kf2 Ke8 36. Ke3 h5 37. g4 hxg4 38. hxg4 g5 39. Nf5 gxf4+ 40. Kxf4 Re6
41. Ng7+
1-0

[Event "2023 Standard Chess Dropout Tournament, Round 4"]
[Site "SchemingMind.com"]
[Date "2024.05.24"]
[Round "4"]
[White "Carlos Vila Hernández"]
[Black "Schaakmaatje"]
[Result "1-0"]
[WhiteCountry "CUB"]
[BlackCountry "NED"]
[WhiteElo "2544"]
[WhiteRD "91"]
[BlackElo "2025"]
[BlackRD "140"]
[GameID "744799"]

1. e4 c5 2. Nf3 Nc6 3. d4 cxd4 4. Nxd4 e5 5. Nb5 d6 6. c4 a6 7. N5c3 Nf6 8. Bd3 h6 9. Nd5 Be6 10. Be3 Bxd5
11. exd5 Nb8 12. a4 Be7 13. a5 Nbd7 14. O-O O-O 15. b4 Rc8 16. Nd2 Re8 17. Bc2 Bf8 18. Ba4 Nh7 19. Rc1 f5 20. Qh5 Be7
21. Qxf5 Nhf6 22. Rfd1 Rf8 23. c5 Rc7 24. cxd6
1-0

[Event "2023 Standard Chess Dropout Tournament, Round 4"]
[Site "SchemingMind.com"]
[Date "2024.05.24"]
[Round "4"]
[White "Andrea Carra"]
[Black "peeuukoo"]
[Result "1-0"]
[WhiteCountry "ITA"]
[BlackCountry "FIN"]
[WhiteElo "1897"]
[WhiteRD "104"]
[BlackElo "1812"]
[BlackRD "98"]
[GameID "744800"]

1. e4 e5 2. Nf3 Nc6 3. Bc4 Nf6 4. d3 h6 5. O-O Be7 6. a3 O-O 7. Be3 d6 8. h3 Na5 9. Ba2 c5 10. Nbd2 Nc6
11. c3 Qc7 12. Nh2 Be6 13. f4 Bxa2 14. Rxa2 exf4 15. Bxf4 Qd7 16. b3 Ne5 17. Nc4 Nxc4 18. bxc4 a6 19. Raf2 Qe6 20. Be3 Nd7
21. Ng4 Bg5 22. Bf4 Rad8 23. Ne3 Bxf4 24. Rxf4 Ne5 25. Nd5 f6 26. Qe2 Ng6 27. R4f2 Ne7 28. Nf4 Qe5 29. Qg4 f5 30. exf5 Rxf5
31. Ng6
1-0

[Event "2023 Standard Chess Dropout Tournament, Round 4"]
[Site "SchemingMind.com"]
[Date "2024.05.28"]
[Round "4"]
[White "Diadoco"]
[Black "Reun29"]
[Result "0-1"]
[WhiteCountry "MEX"]
[BlackCountry "SUI"]
[WhiteElo "1831"]
[WhiteRD "104"]
[BlackElo "1921"]
[BlackRD "87"]
[GameID "744801"]

1. e4 c6 2. d4 d5 3. exd5 cxd5 4. c4 e6 5. Nc3 Nf6 6. Nf3 Nc6 7. c5 Be7 8. Bb5 Bd7 9. O-O O-O 10. Re1 Qc7
11. g3 b6 12. Bf4 Qb7 13. Bxc6 Bxc6 14. b4 bxc5 15. bxc5 Ne4 16. Qc2 Rfe8 17. Ne5 Nxc3 18. Qxc3 Qa6 19. Nxc6 Qxc6 20. h4 g6
21. a4 a6 22. Qe3 Bf8 23. Be5 Bg7 24. Bxg7 Kxg7 25. f4 f6 26. Qc3 Rab8 27. Ra2 Re7 28. a5 Rb5 29. Rae2 Kf7 30. Kh2 h5
31. Kg2 Qc7 32. Ra1 Qb8 33. Rae1 Rb3 34. Qa1 Qb4 35. Re3 Rxe3 36. Rxe3 Qd2+ 37. Kf3 e5 38. fxe5 fxe5 39. dxe5 Ke6
0-1

[Event "2023 Standard Chess Dropout Tournament, Round 4"]
[Site "SchemingMind.com"]
[Date "2024.05.28"]
[Round "4"]
[White "Derek Price"]
[Black "Ronald R. Nurmi"]
[Result "1-0"]
[WhiteCountry "ENG"]
[BlackCountry "USA"]
[WhiteElo "2412"]
[WhiteRD "81"]
[BlackElo "1654"]
[BlackRD "97"]
[GameID "744802"]

1. c4 e5 2. Nc3 Nf6 3. Nf3 Nc6 4. g3 Bb4 5. Bg2 O-O 6. O-O e4 7. Ne1 Bxc3 8. dxc3 h6 9. Nc2 Re8 10. Ne3 d6
11. Qc2 b6 12. Bd2 Bb7 13. Nd5 Nxd5 14. cxd5 Ne7 15. c4 c6 16. Bxe4 cxd5 17. cxd5 Bxd5 18. Bh7+ Kh8 19. Bc3 Rc8 20. Bd3 Qd7
21. Qd2 Rc7 22. Qxh6+
1-0

[Event "2023 Standard Chess Dropout Tournament, Round 4"]
[Site "SchemingMind.com"]
[Date "2024.05.25"]
[Round "4"]
[White "eliecercruzr"]
[Black "Giraldo Menendez Rodriguez"]
[Result "1/2-1/2"]
[WhiteCountry "CUB"]
[BlackCountry "CUB"]
[WhiteElo "2437"]
[WhiteRD "63"]
[BlackElo "2535"]
[BlackRD "84"]
[GameID "744803"]

1. e4 c5 2. c3 e5 3. Nf3 Nc6 4. Bc4 Nf6 5. Ng5 d5 6. exd5 Nxd5 7. Qh5 g6 8. Qf3 Qxg5 9. Bxd5 Nd8 10. O-O Qe7
11. c4 Bg7 12. d3 O-O 13. Nc3 Be6 14. a3 Rc8 15. Rb1 b6 16. b4 Re8 17. Re1 Qd7 18. Be3 f5 19. Rec1 Bxd5 20. Qxd5+ Qxd5
21. Nxd5 Ne6 22. g3 Kf7 23. h4 h5 24. a4 cxb4 25. Rxb4 Bf8 26. Rbb1 Nc7 27. Nxc7 Rxc7 28. Rb5 Rd7 29. Rd5 Ke6 30. Rxd7 Kxd7
31. Rb1 Kc6 32. Rb5=
1/2-1/2

[Event "2023 Standard Chess Dropout Tournament, Round 4"]
[Site "SchemingMind.com"]
[Date "2024.05.28"]
[Round "4"]
[White "Enri Arturo"]
[Black "Helga1946"]
[Result "1/2-1/2"]
[WhiteCountry "CUB"]
[BlackCountry "GER"]
[WhiteElo "2561"]
[WhiteRD "97"]
[BlackElo "2420"]
[BlackRD "62"]
[GameID "744804"]

1. d4 d5 2. Nf3 Nf6 3. g3 Bf5 4. Bg2 e6 5. c4 c6 6. Qb3 Qb6 7. Nc3 Qxb3 8. axb3 Bb4 9. Bd2 a5 10. O-O O-O
11. Rfc1 h6 12. e3 Nbd7 13. h3 Rfb8 14. cxd5 exd5 15. g4 Bh7 16. Be1 g5 17. Ne2 Ne4 18. Ra2 Bxe1 19. Rxe1 Ra7 20. Rea1 Rba8
21. Bf1 Nb6 22. Nc1 Nc8 23. Bd3 Kg7 24. Nh2 Bg6 25. f3 Ned6 26. Bxg6 Kxg6 27. Nd3 f6 28. Kf2 Nb6 29. Nf1 h5 30. Nc5 h4
31. Nd2 Nb5 32. Nd3=
1/2-1/2

[Event "2023 Standard Chess Dropout Tournament, Round 4"]
[Site "SchemingMind.com"]
[Date "2024.05.24"]
[Round "4"]
[White "George Dimitrov"]
[Black "Sebastian Strauchler"]
[Result "1-0"]
[WhiteCountry "BUL"]
[BlackCountry "ARG"]
[WhiteElo "2542"]
[WhiteRD "96"]
[BlackElo "2312"]
[BlackRD "154"]
[GameID "744805"]

1. e4 c5 2. Nf3 Nc6 3. Bb5 g6 4. Bxc6 dxc6 5. h3 Bg7 6. d3 Nf6 7. Nc3 Nd7 8. Be3 e5 9. Qd2 h6 10. O-O b6
11. Nh2 Nf8 12. a4 a5 13. f4 exf4 14. Bxf4 Ne6 15. Be3 Nd4 16. Rae1 Be6 17. Nf3 Qd6 18. Bf4 Nxf3+ 19. Rxf3 Qd4+ 20. Kh1 O-O-O
21. e5 g5 22. Bg3 Kb7 23. Ne4 Bf8 24. Nd6+ Bxd6 25. exd6 Rhg8 26. c4 Qh8 27. Be5 Qh7 28. Rf2 h5 29. d4 cxd4 30. b4 Bxc4
31. bxa5 Qd3 32. Rxf7+ Ka6 33. Qxd3 Bxd3 34. axb6 c5 35. Rc1 Kxb6 36. Rc7
1-0

[Event "2023 Standard Chess Dropout Tournament, Round 4"]
[Site "SchemingMind.com"]
[Date "2024.05.24"]
[Round "4"]
[White "Giraldo Menendez Rodriguez"]
[Black "George Dimitrov"]
[Result "1/2-1/2"]
[WhiteCountry "CUB"]
[BlackCountry "BUL"]
[WhiteElo "2535"]
[WhiteRD "84"]
[BlackElo "2523"]
[BlackRD "94"]
[GameID "744806"]

1. e4 e5 2. Nf3 Nc6 3. Bb5 a6 4. Ba4 Nf6 5. O-O Be7 6. d3 b5 7. Bb3 d6 8. a4 Bd7 9. c3 h6 10. Re1 O-O
11. Bc2 Re8 12. Nbd2 Bf8 13. Nf1 d5 14. exd5 Nxd5 15. Ng3 b4 16. Bd2 Rb8 17. a5 bxc3 18. bxc3 Nf6 19. Ba4 Bd6 20. Qc2 Na7
21. Bb3 Bc6 22. d4 Bxf3 23. gxf3 exd4 24. cxd4 Rxe1+ 25. Rxe1 Qd7 26. Qd3 Nc6 27. Bc4 Bb4 28. Rb1 Ne8 29. Kg2 Bxd2 30. Rxb8 Nxb8
31. Qxd2 Qa4 32. Qc3 Nc6 33. d5 Nxa5 34. Bxa6 Nb3 35. Bd3 Na5=
1/2-1/2

[Event "2023 Standard Chess Dropout Tournament, Round 4"]
[Site "SchemingMind.com"]
[Date "2024.05.28"]
[Round "4"]
[White "Helga1946"]
[Black "Juan Jose Rivas Maceda"]
[Result "1/2-1/2"]
[WhiteCountry "GER"]
[BlackCountry "PER"]
[WhiteElo "2434"]
[WhiteRD "62"]
[BlackElo "2536"]
[BlackRD "72"]
[GameID "744807"]

1. c4 e5 2. g3 Nf6 3. Bg2 Bc5 4. Nc3 c6 5. Nf3 e4 6. Nh4 d5 7. cxd5 cxd5 8. d3 Ng4 9. dxe4 Bxf2+ 10. Kf1 d4
11. Nd5 O-O 12. Qb3 d3 13. Qxd3 Bb6 14. Qc3 Nc6 15. h3 Bd4 16. Qb3 Nf2 17. Rh2 Re8 18. Qc2 g5 19. Nf5 Bxf5 20. exf5 Rc8
21. f6 Re5 22. e3 Rxd5 23. Bxd5 Qxd5 24. Qxf2 Bxf6 25. e4 Qd1+ 26. Qe1 Qd3+ 27. Qe2 Qxg3 28. Qf2 Qd3+ 29. Qe2 Qg3 30. Qg2 Qd3+
31. Qe2 Qg3 32. Qg2 Qd3+ 33. Qe2 Qg3
1/2-1/2

[Event "2023 Standard Chess Dropout Tournament, Round 4"]
[Site "SchemingMind.com"]
[Date "2024.05.26"]
[Round "4"]
[White "Jari Laine"]
[Black "Abstract Actuary"]
[Result "1-0"]
[WhiteCountry "FIN"]
[BlackCountry "USA"]
[WhiteElo "2528"]
[WhiteRD "86"]
[BlackElo "1889"]
[BlackRD "92"]
[GameID "744808"]

1. e4 e6 2. b3 d5 3. Bb2 dxe4 4. Nc3 Nf6 5. Qe2 Nbd7 6. g4 b6 7. Bg2 Bb7 8. Nxe4 Nxe4 9. Bxe4 c6 10. h4 Nf6
11. Bf3 Qc7 12. O-O-O O-O-O 13. g5 Nd7 14. Bg2 h6 15. g6 e5 16. gxf7 Bc5 17. Nf3 Rhf8 18. Nxe5 Bd6 19. Bh3
1-0

[Event "2023 Standard Chess Dropout Tournament, Round 4"]
[Site "SchemingMind.com"]
[Date "2024.05.28"]
[Round "4"]
[White "Sebastian Strauchler"]
[Black "eliecercruzr"]
[Result "1/2-1/2"]
[WhiteCountry "ARG"]
[BlackCountry "CUB"]
[WhiteElo "2328"]
[WhiteRD "146"]
[BlackElo "2438"]
[BlackRD "58"]
[GameID "744809"]

1. e4 c5 2. Nc3 a6 3. g3 b5 4. Bg2 Bb7 5. Nh3 e6 6. d3 b4 7. Ne2 d5 8. O-O dxe4 9. dxe4 Nc6 10. c3 Nf6
11. e5 Nd7 12. f4 Qb6 13. Be3 Be7 14. Nf2 Rd8 15. Qc2 O-O 16. Rad1 bxc3 17. Nxc3 Qa7 18. Nfe4 Nd4 19. Qf2 f6 20. exf6 Nxf6
21. Nxf6+ Bxf6 22. Bxb7 Qxb7 23. Qg2 Qb4 24. Ne4 Be7 25. Bxd4 cxd4 26. Qe2 Qa5 27. Qc4 Qd5 28. Qxd5 Rxd5 29. Rd3 Rfd8 30. Rfd1 Kf7
31. Kf2 Ra5 32. a3 Rb5 33. b4 a5 34. Rxd4 Rxd4 35. Rxd4 axb4 36. axb4 h6 37. Kf3=
1/2-1/2

[Event "2023 Standard Chess Dropout Tournament, Round 4"]
[Site "SchemingMind.com"]
[Date "2024.05.24"]
[Round "4"]
[White "Jon Coles"]
[Black "Enri Arturo"]
[Result "1/2-1/2"]
[WhiteCountry "WLS"]
[BlackCountry "CUB"]
[WhiteElo "2541"]
[WhiteRD "104"]
[BlackElo "2561"]
[BlackRD "97"]
[GameID "744810"]

1. e4 c5 2. Nf3 e6 3. h3 Nc6 4. Nc3 Qb6 5. a4 a6 6. g3 d6 7. Bg2 g6 8. d3 Rb8 9. Ne2 Nf6 10. O-O Bg7
11. Bg5 Qc7 12. Qd2 O-O 13. a5 Bd7 14. Kh2 Rbc8 15. Rfe1 Nh5 16. Bh6 e5 17. Nc3 Nf6 18. Nd5 Nxd5 19. exd5 Nd4 20. Bxg7 Kxg7
21. Ra3 b5 22. axb6 Qxb6 23. Rea1 Ra8 24. R1a2 Rfb8 25. b3 f5 26. Ng1 Ra7 27. Qe1 a5 28. Nf3 Nxf3+=
1/2-1/2

[Event "2023 Standard Chess Dropout Tournament, Round 4"]
[Site "SchemingMind.com"]
[Date "2024.05.24"]
[Round "4"]
[White "John Elburg"]
[Black "The Chess Machine"]
[Result "1/2-1/2"]
[WhiteCountry "NED"]
[BlackCountry "ENG"]
[WhiteElo "2558"]
[WhiteRD "93"]
[BlackElo "2522"]
[BlackRD "76"]
[GameID "744811"]

1. e4 e5 2. Nf3 Nc6 3. Bb5 a6 4. Bxc6 dxc6 5. O-O Bg4 6. h3 h5 7. d3 Qf6 8. Nbd2 g5 9. Nc4 Bxf3 10. Qxf3 Qxf3
11. gxf3 f6 12. h4 gxh4 13. Kg2 Ne7 14. f4 b5 15. Na5 exf4 16. Bxf4 Kd7 17. Be3 Ng6 18. Kh3 Rg8 19. Rg1 Bb4 20. Nb3 Ne5
21. a4 Nf3 22. Rxg8 Rxg8 23. axb5 axb5 24. Nd4 Nxd4 25. Bxd4 Ke6 26. Kxh4 f5 27. Kxh5 Be7 28. f4 Rg4 29. Be5=
1/2-1/2

[Event "2023 Standard Chess Dropout Tournament, Round 4"]
[Site "SchemingMind.com"]
[Date "2024.05.24"]
[Round "4"]
[White "Rubén Pulido "]
[Black "trazadora"]
[Result "1/2-1/2"]
[WhiteCountry "CUB"]
[BlackCountry "CUB"]
[WhiteElo "2564"]
[WhiteRD "94"]
[BlackElo "2548"]
[BlackRD "93"]
[GameID "744812"]

1. d4 d5 2. c4 e6 3. Nf3 Nf6 4. Nc3 Bb4 5. cxd5 exd5 6. Bf4 Ne4 7. Rc1 Nc6 8. Nd2 g5 9. Be3 Nxc3 10. bxc3 Ba3
11. Rb1 f5 12. g3 Bd6 13. Rg1 f4 14. gxf4 gxf4 15. Bxf4 Bxf4 16. e3 Qe7 17. Qh5+ Kd8 18. Qxd5+ Bd6 19. Bd3 Rf8 20. Rg8 h6
21. Rg6 Rf6 22. Rg8+=
1/2-1/2

[Event "2023 Standard Chess Dropout Tournament, Round 4"]
[Site "SchemingMind.com"]
[Date "2024.05.24"]
[Round "4"]
[White "Juan Jose Rivas Maceda"]
[Black "John Elburg"]
[Result "1/2-1/2"]
[WhiteCountry "PER"]
[BlackCountry "NED"]
[WhiteElo "2558"]
[WhiteRD "71"]
[BlackElo "2558"]
[BlackRD "95"]
[GameID "744813"]

1. d4 d5 2. c4 c6 3. Nf3 Nf6 4. cxd5 cxd5 5. Nc3 Nc6 6. Bf4 Bf5 7. Qb3 Na5 8. Qa4+ Bd7 9. Qc2 e6 10. e3 Rc8
11. Bd3 Bb4 12. O-O Nh5 13. Be5 f6 14. Bg3 Nxg3 15. hxg3 Nc4 16. Rfc1 Nd6 17. Qb3 Bxc3 18. bxc3 b5 19. Qd1 h5 20. a4 bxa4
21. Bc2 Kf7 22. Bxa4 Bxa4 23. Rxa4 Qd7 24. Ra6 Rc6 25. Rca1 Rxa6 26. Rxa6 Ne4 27. c4 Rb8 28. cxd5 exd5 29. Ne1 Kg6 30. Nd3 Kh6
31. Ra1=
1/2-1/2

[Event "2023 Standard Chess Dropout Tournament, Round 4"]
[Site "SchemingMind.com"]
[Date "2024.05.24"]
[Round "4"]
[White "Matthew Bailey"]
[Black "Rubén Pulido "]
[Result "1/2-1/2"]
[WhiteCountry "ENG"]
[BlackCountry "CUB"]
[WhiteElo "2553"]
[WhiteRD "67"]
[BlackElo "2555"]
[BlackRD "97"]
[GameID "744814"]

1. Nf3 d5 2. c4 d4 3. b4 f6 4. c5 e5 5. e3 a5 6. Qa4+ Bd7 7. b5 Bxc5 8. Bc4 Ne7 9. exd4 exd4 10. Ba3 Bxa3
11. Qxa3 c6 12. Nxd4 cxb5 13. Nxb5 Bxb5 14. Bxb5+ Nbc6 15. O-O O-O 16. Re1 Nf5 17. Nc3 Nfd4 18. Bxc6 Nxc6 19. Rad1 Nd4 20. Qa4 Qd6
21. Rb1 b5 22. Nxb5 Nxb5 23. Qxb5 Qxd2 24. Qc4+ Kh8 25. Red1 Rac8 26. Qxc8 Qxd1+ 27. Rxd1 Rxc8=
1/2-1/2

[Event "2023 Standard Chess Dropout Tournament, Round 4"]
[Site "SchemingMind.com"]
[Date "2024.05.27"]
[Round "4"]
[White "Ninaner2"]
[Black "Dan Geana"]
[Result "0-1"]
[WhiteCountry "NED"]
[BlackCountry "ROU"]
[WhiteElo "2376"]
[WhiteRD "102"]
[BlackElo "2598"]
[BlackRD "112"]
[GameID "744815"]

1. d4 Nf6 2. c4 e6 3. Nf3 d5 4. Bg5 dxc4 5. Nc3 a6 6. e3 b5 7. Bxf6 gxf6 8. a4 c6 9. g3 Bb7 10. Bg2 Nd7
11. Nd2 Qc7 12. O-O Rb8 13. Qh5 Bg7 14. g4 O-O 15. axb5 cxb5 16. Bxb7 Qxb7 17. Nde4 Qc6 18. Nd2 Ra8 19. f3 Rfd8 20. Nde4 b4
21. Na4 Rab8 22. Kh1 Rb5 23. Qh4 Ra5 24. g5 fxg5 25. Nxg5 Nf8 26. Nc5 Rxa1 27. Rxa1 e5 28. Nge4 Ra8 29. Qg5 Ng6 30. dxe5 Bxe5
31. Rd1 Bg7 32. h4 h6 33. Qg4 c3 34. bxc3 bxc3 35. Rg1 Rf8 36. f4 f5
0-1

[Event "2023 Standard Chess Dropout Tournament, Round 4"]
[Site "SchemingMind.com"]
[Date "2024.05.28"]
[Round "4"]
[White "Thomas Meehan"]
[Black "Mike Winslow"]
[Result "0-1"]
[WhiteCountry "ENG"]
[BlackCountry "USA"]
[WhiteElo "1419"]
[WhiteRD "140"]
[BlackElo "2040"]
[BlackRD "105"]
[GameID "744816"]

1. c4 Nf6 2. Nc3 b6 3. Nf3 Bb7 4. g3 e6 5. Bg2 Be7 6. O-O O-O 7. Re1 c5 8. d3 Nc6 9. e4 d6 10. b3 Rc8
11. Be3 Ng4 12. h3 Nxe3 13. fxe3 f5 14. exf5 Rxf5 15. g4 Rf7 16. a3 Bf6 17. Rc1 a6 18. a4 Nb4 19. Ne4 Bxe4 20. dxe4 Nc6
21. Kf2 Bh4+ 22. Kg1 Bxe1 23. Nxe1 Ne5 24. Nd3 Qf6 25. Nf4 Rd8 26. Qd2 g5 27. Nh5 Qf2+ 28. Qxf2 Rxf2 29. Rf1 Rxf1+ 30. Bxf1 Nf3+
31. Kg2 Nd2 32. Bd3 Rf8 33. Bc2 Rf3 34. Bd1 Rxe3 35. Nf6+ Kh8 36. Nd7 Nxb3 37. Nxb6 Na5 38. Bf3 Rb3 39. Nc8 Nxc4 40. Kf2 a5
41. Ne7 Ne5 42. Bd1 c4 43. Ke2 Rxh3 44. Nc8 c3 45. Bc2 Rh2+ 46. Kd1 Nxg4 47. Nxd6 Ne3+ 48. Kc1 Rxc2+
0-1

[Event "2023 Standard Chess Dropout Tournament, Round 4"]
[Site "SchemingMind.com"]
[Date "2024.05.26"]
[Round "4"]
[White "peeuukoo"]
[Black "Diadoco"]
[Result "1-0"]
[WhiteCountry "FIN"]
[BlackCountry "MEX"]
[WhiteElo "1851"]
[WhiteRD "110"]
[BlackElo "1819"]
[BlackRD "107"]
[GameID "744817"]

1. d4 d5 2. c4 dxc4 3. Nc3 e5 4. e3 exd4 5. Qxd4 Qxd4 6. exd4 Nc6 7. Nf3 Nb4 8. Kd1 Bf5 9. Bf4 c6 10. a3 Nd5
11. Bd2 b5 12. a4 Nxc3+ 13. bxc3 Bd6 14. Nh4 Be6 15. Be2 Nf6 16. Bf3 Nd5 17. axb5 cxb5 18. Nf5 Bf8 19. Re1 Kd7 20. Re5 Kc6
21. Ne3
1-0

[Event "2023 Standard Chess Dropout Tournament, Round 4"]
[Site "SchemingMind.com"]
[Date "2024.05.28"]
[Round "4"]
[White "Dan Geana"]
[Black "pjl1015"]
[Result "1-0"]
[WhiteCountry "ROU"]
[BlackCountry "USA"]
[WhiteElo "2615"]
[WhiteRD "116"]
[BlackElo "2353"]
[BlackRD "114"]
[GameID "744818"]

1. c4 e5 2. Nc3 Nf6 3. Nf3 Nc6 4. g3 d5 5. cxd5 Nxd5 6. Bg2 Nb6 7. O-O Be7 8. b3 O-O 9. Bb2 Bg4 10. Rc1 f5
11. d3 Rb8 12. Re1 Bh5 13. a3 Bf6 14. b4 Re8 15. b5 Nd4 16. e3 Ne6 17. Qc2 Qd7 18. a4 Rbd8 19. Red1 Qf7 20. a5 Nc8
21. Ne2 f4 22. Nc3 e4 23. Nxe4 Bxb2 24. Qxb2 Bxf3 25. Bxf3 fxg3 26. Bg2 gxh2+ 27. Kh1 Kh8 28. Qe2 b6 29. Qf3 Qe7 30. a6 Rf8
31. Qg4 Nd6 32. Rc6 Rde8 33. Nxd6 cxd6 34. Qg3 Rd8 35. d4 Rf5 36. Rdc1 g6 37. e4 Rxb5 38. Qc3 Nf4 39. Rc7 Qf6 40. Rxa7 Nxg2
41. Qc7 Kg8 42. Rb7 Ne1 43. f4 Nd3 44. Qc4+ d5 45. Qxd3 Qxf4 46. Rf1 Qg4 47. a7 Ra5 48. exd5 Raxd5 49. Qf3 Qxf3+ 50. Rxf3
1-0

[Event "2023 Standard Chess Dropout Tournament, Round 4"]
[Site "SchemingMind.com"]
[Date "2024.05.28"]
[Round "4"]
[White "pjl1015"]
[Black "spoke"]
[Result "1-0"]
[WhiteCountry "USA"]
[BlackCountry "GER"]
[WhiteElo "2356"]
[WhiteRD "126"]
[BlackElo "1859"]
[BlackRD "76"]
[GameID "744819"]

1. d4 Nf6 2. c4 e6 3. Nc3 Bb4 4. e3 O-O 5. Bd2 d5 6. a3 Bxc3 7. Bxc3 b6 8. cxd5 Nxd5 9. Bd2 Bb7 10. Rc1 Nd7
11. Nf3 c5 12. Be2 Rc8 13. O-O cxd4 14. Rxc8 Qxc8 15. Nxd4 N7f6 16. Qa4 a6 17. Rc1 Qd7 18. Qxd7 Nxd7 19. e4 N5f6 20. f3 Rc8
21. Rxc8+ Bxc8 22. a4 Nc5 23. a5 b5 24. Kf2
1-0

[Event "2023 Standard Chess Dropout Tournament, Round 4"]
[Site "SchemingMind.com"]
[Date "2024.05.28"]
[Round "4"]
[White "pompey"]
[Black "Rommel85"]
[Result "1/2-1/2"]
[WhiteCountry "ENG"]
[BlackCountry "CUB"]
[WhiteElo "2505"]
[WhiteRD "112"]
[BlackElo "2511"]
[BlackRD "86"]
[GameID "744820"]

1. e4 e5 2. Nf3 Nc6 3. Bb5 a6 4. Ba4 Nf6 5. O-O Be7 6. Re1 b5 7. Bb3 d6 8. c3 O-O 9. d4 Bg4 10. Be3 exd4
11. cxd4 d5 12. e5 Ne4 13. Nc3 Nxc3 14. bxc3 Qd7 15. h3 Bh5 16. Bc2 Rfc8 17. a4 Nd8 18. Qe2 Bg6 19. Bxg6 hxg6 20. Bg5 c6
21. Reb1 Bxg5 22. Nxg5 Qf5 23. Qe3 Rcb8 24. Rb2 Ne6 25. Nxe6 fxe6 26. Qd2 bxa4 27. Rxa4 Rxb2 28. Qxb2 a5 29. Ra1 Kh7 30. Qb6 Qc2
31. Qxc6 Rb8 32. Qxe6=
1/2-1/2

[Event "2023 Standard Chess Dropout Tournament, Round 4"]
[Site "SchemingMind.com"]
[Date "2024.05.28"]
[Round "4"]
[White "Reun29"]
[Black "Stephen Dunning"]
[Result "0-1"]
[WhiteCountry "SUI"]
[BlackCountry "WLS"]
[WhiteElo "1954"]
[WhiteRD "101"]
[BlackElo "1944"]
[BlackRD "79"]
[GameID "744821"]

1. e4 c5 2. c3 Nf6 3. e5 Nd5 4. d4 cxd4 5. Nf3 e6 6. cxd4 b6 7. Bd3 Bb4+ 8. Bd2 Bxd2+ 9. Qxd2 O-O 10. Nc3 Nxc3
11. bxc3 d5 12. exd6 Qxd6 13. Ng5 h6 14. Ne4 Qc7 15. O-O Nc6 16. Rac1 Ne7 17. c4 Rd8 18. Qe3 Nf5 19. Qh3 Rxd4 20. c5 Bb7
21. cxb6 Qxb6 22. Rb1 Qc7 23. Rfc1 Qf4 24. Nc5 Bd5 25. Nb3 Bxb3 26. axb3 Rad8 27. Be2 Rd2 28. g3 Qe4 29. Bc4 Nd4 30. Qg2 Nf3+
31. Kf1 R8d3 32. Re1 Rxb3 33. Bxb3 Qd3+
0-1

[Event "2023 Standard Chess Dropout Tournament, Round 4"]
[Site "SchemingMind.com"]
[Date "2024.05.28"]
[Round "4"]
[White "Rommel85"]
[Black "Jari Laine"]
[Result "1/2-1/2"]
[WhiteCountry "CUB"]
[BlackCountry "FIN"]
[WhiteElo "2522"]
[WhiteRD "88"]
[BlackElo "2512"]
[BlackRD "88"]
[GameID "744822"]

1. e4 c5 2. Nf3 e6 3. c3 Nf6 4. e5 Nd5 5. d4 cxd4 6. cxd4 d6 7. Bc4 Be7 8. O-O O-O 9. Qe2 b6 10. Rd1 Bb7
11. Bxd5 exd5 12. Nc3 Na6 13. Be3 Nc7 14. Qc2 dxe5 15. dxe5 f6 16. exf6 Rxf6 17. Rac1 Qe8 18. Bd4 Rxf3 19. gxf3 Qh5 20. Ne2 Ne6
21. Ng3 Qxf3 22. Qd3 Qf7 23. Qf5 Rf8 24. Qxf7+ Rxf7 25. Ne2 Ba6 26. Rc2 Ng5 27. Be3 Nf3+ 28. Kg2 Nh4+ 29. Kg3 h5 30. Nd4 g5
31. Rc6 Bc5 32. Bxg5 Bxd4 33. Kxh4 Bxf2+ 34. Kh3 Kg7 35. Kg2 Bc5 36. Re6 Rf2+ 37. Kg3 Be2 38. Rxd5 Rf3+=
1/2-1/2

[Event "2023 Standard Chess Dropout Tournament, Round 4"]
[Site "SchemingMind.com"]
[Date "2024.05.27"]
[Round "4"]
[White "Ronald R. Nurmi"]
[Black "Udo Sprang"]
[Result "0-1"]
[WhiteCountry "USA"]
[BlackCountry "NED"]
[WhiteElo "1649"]
[WhiteRD "101"]
[BlackElo "2055"]
[BlackRD "105"]
[GameID "744823"]

1. d4 e6 2. e4 c5 3. d5 exd5 4. exd5 Nf6 5. Nf3 d6 6. Nc3 Be7 7. h3 Bf5 8. Bd3 Bg6 9. O-O O-O 10. Bxg6 hxg6
11. Re1 Re8 12. Ne4 Nbd7 13. c4 Nb6 14. Qc2 Nxe4 15. Rxe4 Nd7 16. Bf4 Nf6 17. Re3 Qd7 18. Rae1 b5 19. b3 Bf8 20. Qd3 Rxe3
21. Rxe3 Rb8 22. Re1 bxc4 23. bxc4 Qf5 24. Qd2 Rb4 25. Qc1 Qd3 26. Rd1 Qxc4 27. Qd2 Qxf4
0-1

[Event "2023 Standard Chess Dropout Tournament, Round 4"]
[Site "SchemingMind.com"]
[Date "2024.05.24"]
[Round "4"]
[White "Schaakmaatje"]
[Black "Ninaner2"]
[Result "0-1"]
[WhiteCountry "NED"]
[BlackCountry "NED"]
[WhiteElo "2025"]
[WhiteRD "140"]
[BlackElo "2376"]
[BlackRD "102"]
[GameID "744824"]

1. g4 e5 2. Bg2 Nc6 3. c4 h5 4. gxh5 Qg5 5. Kf1 Qh4 6. d3 Bc5 7. e3 d6 8. h3 f5 9. Nc3 Nf6 10. Nf3 Qxh5
11. Nd2 Qf7 12. a3 f4 13. Nb3 Bb6 14. Qf3 g5 15. exf4 gxf4 16. Nd5 Nxd5 17. cxd5 Ne7 18. Nd2 Nf5 19. Nc4 Nh4 20. Qe2 f3
0-1